000 00663cam a22002054a 4500
020 _a0764536583
040 _cDLC
082 0 0 _a006 HUN 2002 A007 Or.
100 1 _aAlspach, Ted.
245 1 0 _aIllustrator 10 bible /
260 _aNew York, NY :
_bHungry Minds,
_c2002.
300 _axxxiii, 854 p. :
_bill. (some col.) ;
_c24 cm.
500 _aIncludes index.
650 0 _aComputer graphics.
700 1 _aMurdock, Kelly.
856 4 2 _uhttp://www.loc.gov/catdir/bios/wiley045/2001099727.html
856 4 2 _uhttp://www.loc.gov/catdir/description/wiley038/2001099727.html
856 4 1 _uhttp://www.loc.gov/catdir/toc/wiley022/2001099727.html
942 _cEK
999 _c12538
_d12538